"J" Antonyms - Statistics

General Stats
  • This quiz has been taken 131 times
    122 since last reset
  • The average score is 9 of 17
Answer Stats
Word J Antonyms % Correct
Senior Junior
100%
Grief Joy
93%
Sad Jolly / Jubilant / Joyous / Jovial / Joyful
92%
Separate Join
83%
Walk Jog
73%
Treasure Junk
60%
Free Jailed
54%
Employed Jobless
50%
Inequality Justice
48%
Safety Jeopardy
46%
Adult Juvenile
44%
Cheer Jeer
39%
Tiny Jumbo
38%
Bless Jinx
36%
Blame Justify
21%
Trusting Jealous
19%
Confidant Judas
3%
No matching quizzes found
Score Distribution
Percent of People with Each Score
Percentile by Number Answered
Your Score History
You have not taken this quiz since the last reset